<?xml version="1.0" encoding="UTF-8"?>
<record
    xmlns:xsi="http://www.w3.org/2001/XMLSchema-instance"
    xsi:schemaLocation="http://www.loc.gov/MARC21/slim http://www.loc.gov/standards/marcxml/schema/MARC21slim.xsd"
    xmlns="http://www.loc.gov/MARC21/slim">

  <leader>02032nam a2200241 a 4500</leader>
  <controlfield tag="003">DO-SdBNP</controlfield>
  <controlfield tag="005">20260429123224.0</controlfield>
  <controlfield tag="007">ta</controlfield>
  <controlfield tag="008">210809e2005    dr acd|er|||| 001 0 spa d</controlfield>
  <datafield tag="040" ind1=" " ind2=" ">
    <subfield code="a">DO-SdBNP</subfield>
    <subfield code="b">spa</subfield>
    <subfield code="c">BNPHU</subfield>
  </datafield>
  <datafield tag="082" ind1=" " ind2="4">
    <subfield code="2">22</subfield>
    <subfield code="b">P273r</subfield>
  </datafield>
  <datafield tag="245" ind1="1" ind2="4">
    <subfield code="a">Las reformas electorales pendientes :</subfield>
    <subfield code="b">&#xF3;rganos electorales, listas de candidaturas y cuota femenina</subfield>
  </datafield>
  <datafield tag="260" ind1=" " ind2=" ">
    <subfield code="a">Santo Domingo :</subfield>
    <subfield code="b">USAID,</subfield>
    <subfield code="c">2005</subfield>
  </datafield>
  <datafield tag="300" ind1=" " ind2=" ">
    <subfield code="a">218 p. :</subfield>
    <subfield code="b">il., gr&#xE1;f., retr. ;</subfield>
    <subfield code="c">21 cm.</subfield>
  </datafield>
  <datafield tag="504" ind1=" " ind2=" ">
    <subfield code="a">Bibliograf&#xED;a: p. 211- 212</subfield>
  </datafield>
  <datafield tag="505" ind1=" " ind2=" ">
    <subfield code="a">Introducci&#xF3;n.</subfield>
    <subfield code="t">2. "Reformas electorales y los Desaf&#xED;os de la Gobernabilidad Democr&#xE1;tica en la Rep&#xFA;blica Dominicana /</subfield>
    <subfield code="r">(Dra. Rosario Espinal).--</subfield>
    <subfield code="t">3. Los &#xD3;rganos Electorales: Estructura, Atribuciones y Competencia /</subfield>
    <subfield code="r">(Dr Luis Arias N&#xFA;&#xF1;ez).--</subfield>
    <subfield code="t">4. &#xBF;Qu&#xE9; es el Instituto Federal Electoral de M&#xE9;xico? / </subfield>
    <subfield code="r">(Lic. Javier Romo Michaud).--</subfield>
    <subfield code="t">5. Prevenci&#xF3;n y Persecuci&#xF3;n de los Delitos Electorales en M&#xE9;xico /</subfield>
    <subfield code="r">(Dra Mar&#xED;a de los Angeles Fromow Rangel).--</subfield>
    <subfield code="t">6. Conflictos y Delitos Electorales: Prevenci&#xF3;n, Persecuci&#xF3;n y Soluci&#xF3;n /</subfield>
    <subfield code="r">(Lic. Jos&#xE9; del Castillo).--</subfield>
    <subfield code="t">7. La Participaci&#xF3;n Pol&#xED;tica de las Mujeres y la Ley de Cupos en Argentina /</subfield>
    <subfield code="r">(Dra. Mar&#xED;a Jos&#xE9; Lubertino).--</subfield>
    <subfield code="t">8. Mecanismos de Acci&#xF3;n Afirmativa y Cuota de Candidatura Femenina: Caso Rep&#xFA;blica Dominicana /</subfield>
    <subfield code="r">(Ing. Angela J&#xE1;quez).--</subfield>
    <subfield code="t">9. La Evoluci&#xF3;n de las Circunscripci&#xF3;n Electorales en Bolivia, 1979 - 2004 /</subfield>
    <subfield code="r">(Dr Salvador Romero Bollivi&#xE1;n).--</subfield>
    <subfield code="t">10. Las Circunscripciones Electorales para el Parlamento y los Ayuntamientos /</subfield>
    <subfield code="r">(Ing. Angel Acosta).--</subfield>
    <subfield code="t">11. Clientelismo Pol&#xED;tico y Manipulaci&#xF3;n del Voto: Presencia y Transformaci&#xF3;n en el Siglo XXI en Am&#xE9;rica Latina /</subfield>
    <subfield code="r">(Dr. H&#xE9;ctor D&#xED;az Santana).--</subfield>
  </datafield>
  <datafield tag="590" ind1=" " ind2=" ">
    <subfield code="a">Inventariado 2021 / MF</subfield>
  </datafield>
  <datafield tag="650" ind1=" " ind2="4">
    <subfield code="9">39150</subfield>
    <subfield code="a">Elecciones</subfield>
    <subfield code="x">Congresos, Conferencias, etc</subfield>
    <subfield code="z">Am&#xE9;rica Latina</subfield>
  </datafield>
  <datafield tag="650" ind1=" " ind2="4">
    <subfield code="9">44497</subfield>
    <subfield code="a">Am&#xE9;rica Latina</subfield>
    <subfield code="x">Pol&#xED;tica y Gobierno</subfield>
    <subfield code="y">Siglo XXI</subfield>
  </datafield>
  <datafield tag="650" ind1=" " ind2="4">
    <subfield code="9">39150</subfield>
    <subfield code="a">Elecciones</subfield>
    <subfield code="x">Congresos, Conferencias, etc.</subfield>
    <subfield code="z">Am&#xE9;rica Latina</subfield>
  </datafield>
  <datafield tag="650" ind1="2" ind2="0">
    <subfield code="a">Participaci&#xF3;n pol&#xED;tica</subfield>
    <subfield code="9">456</subfield>
  </datafield>
  <datafield tag="942" ind1=" " ind2=" ">
    <subfield code="2">ddc</subfield>
    <subfield code="c">LBS1</subfield>
  </datafield>
  <datafield tag="952" ind1=" " ind2=" ">
    <subfield code="0">0</subfield>
    <subfield code="1">0</subfield>
    <subfield code="2">ddc</subfield>
    <subfield code="5">1</subfield>
    <subfield code="7">0</subfield>
    <subfield code="8">PD</subfield>
    <subfield code="a">BNPHU</subfield>
    <subfield code="b">BNPHU</subfield>
    <subfield code="c">HD</subfield>
    <subfield code="d">2018-07-09</subfield>
    <subfield code="e">Donado por CERTV</subfield>
    <subfield code="l">0</subfield>
    <subfield code="p">2021-25436</subfield>
    <subfield code="r">2021-08-09</subfield>
    <subfield code="w">2021-08-09</subfield>
    <subfield code="y">LBS1</subfield>
  </datafield>
  <datafield tag="952" ind1=" " ind2=" ">
    <subfield code="0">0</subfield>
    <subfield code="1">0</subfield>
    <subfield code="2">ddc</subfield>
    <subfield code="5">1</subfield>
    <subfield code="7">0</subfield>
    <subfield code="8">PD</subfield>
    <subfield code="a">BNPHU</subfield>
    <subfield code="b">BNPHU</subfield>
    <subfield code="c">HD</subfield>
    <subfield code="d">2018-07-09</subfield>
    <subfield code="e">Donado por CERTV</subfield>
    <subfield code="l">0</subfield>
    <subfield code="p">2021-25437</subfield>
    <subfield code="r">2021-08-09</subfield>
    <subfield code="t">e.2</subfield>
    <subfield code="w">2021-08-09</subfield>
    <subfield code="y">LBS1</subfield>
  </datafield>
  <datafield tag="999" ind1=" " ind2=" ">
    <subfield code="c">50207</subfield>
    <subfield code="d">50207</subfield>
  </datafield>
</record>
